01381nam a22003017a 4500003000900000005001700009007000300026008004100029020001800070040002500088082001600113100003600129245010200165260006100267300003300328490004200361500004500403500002500448590002700473700004900500830004700549910001400596942001400610952014200624952014800766952014800914999001701062DO-SdBNP20250116122607.0ta110301s2022 dr ac 000 f spa d a9789945250145 aDO-SdBNPbspacBNPHU axxxxbG216H1 aGarcía Michel, Eduardo95301810aHoracio y Mon :bavatares y gloria /cEduardo García Michel ; prólogo Bruno Rosario Candelier aSanto Domingo :bArchivo General de la Nación, c2022. a407 p. :bil., retr.c23 cm.1 aArchivo General de la Nación ;v438 aIncluye datos biográficos del autor.  aNovela histórica.  aInventariado, 2022/ YL1 aRosario Candelier, Bruno,d1941-eprol.98510 nArchivo General de la Naciónp438981429 aYLockward 2ddccLBS1 00102ddc53708PDaBNPHUbBNPHUcCTd2022-03-30eArchivo General de la Naciónl0oxxxx G216Hp2022-1924r2022-05-10w2022-05-10yLBS1 00102ddc53708PDaBNPHUbBNPHUcCTd2022-03-30eArchivo General de la Naciónl0oxxxx G216Hp2022-1925r2022-05-10te. 2w2022-05-10yLBS1 00102ddc56708PDaBNPHUbBNPHUcCTd2022-03-30eArchivo General de la Naciónl0oxxxx G216Hp2022-1926r2022-05-10te. 3w2022-05-10yLBS1 c51681d51681